000 00323nam a22001217a 4500
999 _c8426
_d8427
008 200120b ||||| |||| 00| 0 eng d
082 _aFIC 823.912 CHR
100 _aChristie, Agatha
245 _aMurder on the Orient Express
260 _aNew York ;
_bPocket books,
_c1934.
300 _aviii, 198 p.
_c18 cm.
942 _2ddc